| 000 | 00534nam a22001577a 4500 | ||
|---|---|---|---|
| 082 |
_a620.11 _bARO |
||
| 100 |
_aArooj, Uswa (403073) _9127736 |
||
| 245 | _aN-Doped Mesoporous Carbon Supported Dual-Metal Atom M N-C Desert Rose Structure as An Effective Bifunctional Electrocatalyst for Zinc-Air Battery / | ||
| 264 |
_aIslamabad : _bUSPCAS-E, NUST _cJAN, 2025. |
||
| 300 |
_axv, 55 p. _e+CD |
||
| 520 | _aTH-615 | ||
| 650 | _aMS ESE Thesis | ||
| 650 |
_aMS Thesis _918721 |
||
| 700 |
_aDr. Naseem Iqbal _916826 |
||
| 942 |
_2ddc _cTHE |
||
| 999 |
_c612773 _d612773 |
||